|
|
|
|
| LEADER |
00000cam a2200000 7i4500 |
| 001 |
0000001827 |
| 005 |
20020206.0 |
| 020 |
0 |
0 |
|a 9839827111
|
| 090 |
0 |
0 |
|a 352.6309595
|b CIV 1998
|
| 245 |
0 |
4 |
|a The CIVIL service of Malaysia :
|b strengthening the administrative mechanism (Improvements and developments in the civil service of Malaysia 1998)
|
| 260 |
0 |
0 |
|a Kuala Lumpur :
|b Malaysian Administrative Modernisation and Management Planning Unit, Prime Minister's Department ,
|c 1998
|
| 300 |
|
|
|a xiii, 196 p. ;
|c 21 cm.
|
| 650 |
0 |
0 |
|a Civil service reform
|z Malaysia
|
| 650 |
0 |
0 |
|a Civil service
|z Malaysia
|
| 650 |
0 |
0 |
|a Information technology
|z Malaysia
|
| 998 |
|
|
|a JPSM
|
| 999 |
|
|
|a 0000002861
|b Monograph
|c Open Shelf
|e Default branch
|